[Event "Niedersachsen-ch U16"]
[Site "Northeim"]
[Date "2007.10.22"]
[Round "5"]
[White "Bezkorovainyy, Mefodiy"]
[Black "Bohn, Dennis"]
[Result "0-1"]
[WhiteElo "1213"]
[BlackElo "1116"]
[PlyCount "106"]
[EventDate "2007.10.20"]
[EventType "swiss"]
[EventRounds "7"]
[EventCountry "GER"]
[SourceTitle "EXT 2010"]
[Source "ChessBase"]
[SourceDate "2010.11.25"]
[SourceVersion "1"]
[SourceVersionDate "2010.11.25"]
[SourceQuality "1"]

1. e4 e6 2. d4 d5 3. exd5 exd5 4. Bd3 Bd6 5. Nf3 Ne7 6. Be3 Nbc6 7. c3 Be6 8. Nbd2 Qd7 9. 0-0 0-0 10. b4 Ng6 11. Nb3 b6 12. Qc2 Bg4 13. Nbd2 Nce7 14. Rae1 Nf5 15. Qd1 Nfh4 16. Be2 Bh3 17. Nxh4 Nxh4 18. Bf3 Nxf3+ 19. Qxf3 Be6 20. Qe2 Rae8 21. Nf3 f6 22. Qa6 c6 23. Qd3 Re7 24. Re2 Rfe8 25. Rfe1 Bf7 26. Bc1 Bg6 27. Qd1 Kf8 28. h3 Rxe2 29. Rxe2 Rxe2 30. Qxe2 Qe7 31. Qxe7+ Kxe7 32. Kf1 Ke6 33. Ke2 c5 34. bxc5 bxc5 35. Ke3 Kf5 36. g4+ Ke6 37. Nh4 Bb1 38. a3 c4 39. Nf5 Bxf5 40. gxf5+ Kxf5 41. Kf3 g6 42. h4 h5 43. a4 g5 44. hxg5 fxg5 45. Kg2 g4 46. f3 Bf4 47. fxg4+ hxg4 48. Ba3 Ke4 49. a5 a6 50. Bc5 Kd3 51. Bb4 Bd2 52. Kg3 Bxc3 53. Bc5 Bxd4 0-1

[Event "Niedersachsen-ch U16"]
[Site "Northeim"]
[Date "2007.10.21"]
[Round "3"]
[White "Hawranke, Armin"]
[Black "Bezkorovainyy, Mefodiy"]
[Result "1/2-1/2"]
[WhiteElo "994"]
[BlackElo "1213"]
[PlyCount "60"]
[EventDate "2007.10.20"]
[EventType "swiss"]
[EventRounds "7"]
[EventCountry "GER"]
[SourceTitle "EXT 2010"]
[Source "ChessBase"]
[SourceDate "2010.11.25"]
[SourceVersion "1"]
[SourceVersionDate "2010.11.25"]
[SourceQuality "1"]

1. d4 d5 2. c4 e6 3. e3 c6 4. Nc3 Nf6 5. Nf3 Nbd7 6. Bd3 Bd6 7. 0-0 0-0 8. Qc2 dxc4 9. Bxc4 Nd5 10. Nxd5 exd5 11. Bd3 Nf6 12. Bd2 Qc7 13. e4 dxe4 14. Bxe4 Nxe4 15. Qxe4 Be6 16. Bc3 Bd5 17. Qg4 Bxf3 18. Qxf3 Bxh2+ 19. Kh1 Bf4 20. g3 Bh6 21. Kg2 Rfe8 22. Rh1 Qe7 23. Rae1 Qg5 24. Re5 Rxe5 25. dxe5 g6 26. Qf6 Qxf6 27. exf6 Bf8 28. Rd1 Bc5 29. Rd7 Rb8 30. Be5 Re8 1/2-1/2